[Event "21st Dubai Open 2019"]
[Site "Dubai"]
[Date "2019.04.03"]
[Round "3.37"]
[White "Mohammed, Dilshad"]
[Black "Rathnakaran, K.."]
[Result "1-0"]
[WhiteElo "2006"]
[BlackElo "2351"]
[Annotator "TA"]
[PlyCount "79"]
[EventDate "2019.04.01"]
[EventType "swiss"]
[EventCountry "UAE"]
[SourceTitle "playchess.com"]
[Source "ChessBase"]
[SourceQuality "1"]

{[%evp 12,79,25,22,32,30,35,33,43,19,5,12,20,-14,-11,0,12,0,17,10,73,70,77,72,72,0,0,-7,32,38,29,17,5,8,10,9,15,0,0,0,19,12,34,17,20,13,26,9,6,10,43,0,137,0,0,0,0,0,0,0,8,8,639,641,1271,1183,2120,1986,29993,29994]} 1. Nf3 g6 2. g3 Bg7 3. d4 d6 4. Bg2 Nd7 5. O-O e5 6. dxe5 dxe5 7. Nc3 Ngf6 {A41: 1 d4 d6: Tartakower System and Modern Defence} 8. a4 (8. Nd2 O-O 9. a4 Re8 10. Nc4 a6 11. Qd2 Qe7 12. b3 e4 13. Ba3 Qe6 14. Ne3 c6 15. a5 {½-½ (40) Meier,G (2639)-Perez Candelario,M (2590) Batumi 2018}) 8... O-O 9. a5 a6 {White is slightly better.} 10. Bg5 h6 11. Bxf6 Qxf6 $146 ({Predecessor:} 11... Bxf6 12. Qd2 Bg7 13. Rfd1 c6 14. Qd6 Qf6 15. Qa3 Re8 {0-1 (54) Gutman,L (2497)-Heck,N (2308) Hoeckendorf 2004}) 12. Nd5 Qd8 13. e4 Re8 14. Qe2 c6 15. Ne3 b5 (15... Nc5 $11) 16. axb6 $1 $16 Nxb6 17. Rfd1 Qc7 18. Nc4 (18. Qd2 $16) 18... Nxc4 $11 19. Qxc4 Rb8 20. Qc3 Bf8 21. b3 Bb4 22. Qe3 Kg7 23. Bf1 a5 24. h3 Re6 25. c3 Be7 26. Bc4 Rf6 27. Kg2 Bd8 28. Ra2 Qe7 29. Rxd8 Qxd8 30. Nxe5 Qd1 {[#] Strongly threatening ...Bxh3+!} 31. f4 Rxb3 (31... a4 $11 {remains equal.} 32. b4 c5 33. Qxc5 Bb7) 32. Bxb3 ({White must play} 32. Rd2 $16 Qb1 33. Bxb3 Qxb3 34. Qd4) 32... Qxb3 33. Rd2 a4 34. Qc5 $40 {[%mdl 128] White has some attack.} Qe6 35. f5 Qe8 36. g4 g5 $2 {[%mdl 8192] [#]} (36... gxf5 $11 37. gxf5 (37. exf5 Bxf5 38. gxf5 Rxf5 $11) 37... Bxf5 38. exf5 Rxf5) 37. Nf3 $18 h5 {Now ...hxg4 and Black clings on.} 38. e5 Rh6 39. f6+ Kg6 40. e6 {Accuracy: White = 64%, Black = 44%.} 1-0

[Event "21st Dubai Open 2019"]
[Site "Dubai"]
[Date "2019.04.03"]
[Round "3.38"]
[White "Parthasarathy, R."]
[Black "Quizon, Daniel"]
[Result "0-1"]
[WhiteElo "1989"]
[BlackElo "2340"]
[Annotator "TA"]
[PlyCount "76"]
[EventDate "2019.04.01"]
[EventType "swiss"]
[EventCountry "UAE"]
[SourceTitle "playchess.com"]
[Source "ChessBase"]
[SourceQuality "1"]

{[%evp 9,75,2,21,7,11,6,3,-2,45,14,34,35,45,23,35,0,35,23,21,13,18,13,20,15,27,26,34,14,36,0,54,0,60,27,26,-61,-58,-45,-46,-183,-187,-163,-165,-275,-293,-282,-240,-312,-308,-314,-290,-289,-282,-272,-260,-29983,-29984,-29985,-29986,-29986,-29987,-29987,-29988,-29988,-29989,-29989,-29990,-29999]} 1. e4 c5 2. Nf3 e6 3. b3 d6 4. Bb2 Nd7 5. c4 Ngf6 6. Bd3 $146 {B50: Sicilian: 2...d6, Miscellaneous} ({Predecessor:} 6. Nc3 b6 7. Be2 Bb7 8. Qc2 Be7 9. O-O O-O 10. Rfd1 Rc8 11. d4 cxd4 12. Nxd4 {1-0 (38) Rostgaard,T (2327)-Blomqvist,E (2554) Vaxjo 2017}) 6... Be7 7. O-O O-O 8. Bc2 {The position is equal.} a6 9. Nc3 b6 10. d4 cxd4 11. Qxd4 Bb7 12. Rad1 Qc7 13. Bb1 Rfd8 14. h3 Rac8 15. Qe3 Bf8 16. Nd4 Qb8 17. Rfe1 Re8 18. Qg3 Qa8 19. Qh4 Ne5 (19... Be7 $11) 20. Qg3 ({White should play} 20. f4 $14 Ng6 21. Qf2) 20... Ng6 (20... Ned7 $11) 21. Qe3 Qb8 22. Nde2 ({White should try} 22. Bd3 $11) 22... d5 $1 $15 23. cxd5 exd5 24. Ng3 (24. Nd4 $15) 24... dxe4 $19 25. Nf5 Qe5 26. Qxb6 (26. Ng3 {was called for.}) 26... Qxf5 27. Qxb7 Bc5 28. Kh1 {[%cal Rc3e4]} Qxf2 {[#] Strongly threatening ...Nf4.} 29. Re2 Qg3 {( -> ...Ng4!)} 30. Nxe4 Nxe4 31. Bxe4 {With the idea Bd5.} Bd6 $40 {[%csl Gd6][%cal Rg3h2][%mdl 128] Black goes for the king.} 32. Kg1 $2 {[#]} (32. Rxd6 $19 Qxd6 33. Bf3) 32... Qh2+ {Black mates.} 33. Kf2 Bc5+ 34. Bd4 Bxd4+ 35. Rxd4 Qf4+ 36. Ke1 Rc1+ 37. Rd1 Qg3+ 38. Kd2 Qc3# {Accuracy: White = 17%, Black = 56%.} 0-1

[Event "21st Dubai Open 2019"]
[Site "Dubai"]
[Date "2019.04.04"]
[Round "4.1"]
[White "Santos Ruiz, Miguel"]
[Black "Matlakov, Maxim"]
[Result "1/2-1/2"]
[WhiteElo "2555"]
[BlackElo "2692"]
[Annotator "TA"]
[PlyCount "92"]
[EventDate "2019.04.01"]
[EventType "swiss"]
[EventCountry "UAE"]
[SourceTitle "playchess.com"]
[Source "ChessBase"]
[SourceQuality "1"]

{[%evp 18,92,12,10,25,18,18,0,5,0,0,-13,0,0,0,0,2,0,1,0,0,0,0,0,0,-6,-6,-6,0,0,0,0,0,-8,-8,-6,-4,-15,-19,-20,-9,-10,-12,-6,0,0,0,0,0,0,0,-3,0,-19,-14,-18,0,0,0,0,0,-1,-1,0,0,0,0,0,0,0,0,0,0,0,8,0,0]} 1. d4 d5 2. c4 c6 3. cxd5 cxd5 4. Bf4 Nc6 5. e3 e6 6. Nc3 {D10: Slav Defence: 3 cxd5 (without early Nf3) and 3 Nc3} Bd6 7. Bxd6 Qxd6 8. Bd3 Nge7 9. f4 O-O 10. Nf3 {LiveBook: 3 Games} f6 11. O-O Bd7 {The position is equal.} 12. Qd2 $146 ({Predecessor:} 12. Rc1 Be8 13. Nh4 {0-1 (39) Dragun,K (2568)-Li,C (2708) Batumi 2018}) 12... Be8 13. Rac1 Rd8 14. a3 Na5 15. Qe2 Bg6 16. Bxg6 hxg6 17. e4 Nb3 18. Rce1 dxe4 19. Qxe4 Nxd4 20. Nxd4 Qxd4+ 21. Qxd4 Rxd4 22. Rxe6 Nc6 23. g3 Rfd8 24. Rf2 Kf7 25. Re4 Rd3 26. Kf1 Nd4 27. Re1 Nf3 28. Rc1 Nd2+ 29. Kg2 Nc4 30. Kg1 a6 31. Re2 b5 32. Kf2 R3d4 33. Rcc2 R8d7 34. Rc1 Nd2 35. Rd1 f5 36. Kg2 $1 Nc4 37. Rxd4 Rxd4 $11 {[%mdl 4096] Endgame KRN-KRN} 38. Kf2 Kf6 39. Rc2 g5 40. fxg5+ Kxg5 41. a4 b4 42. Ne2 Re4 43. Nf4 Kh6 44. b3 Ne5 45. Re2 Ng4+ 46. Kf3 Ne5+ {Precision: White = 72%, Black = 73%.} 1/2-1/2

[Event "21st Dubai Open 2019"]
[Site "Dubai"]
[Date "2019.04.04"]
[Round "4.2"]
[White "Yeoh, Li Tian"]
[Black "Kuzubov, Yuriy"]
[Result "1/2-1/2"]
[WhiteElo "2522"]
[BlackElo "2653"]
[Annotator "TA"]
[PlyCount "60"]
[EventDate "2019.04.01"]
[EventType "swiss"]
[EventCountry "UAE"]
[SourceTitle "playchess.com"]
[Source "ChessBase"]
[SourceQuality "1"]

{[%evp 24,60,0,0,0,0,0,0,0,0,0,0,0,0,3,2,2,4,0,0,0,0,0,0,0,0,0,0,0,0,0,0,0,0,0,0,0,0,0]} 1. e4 e5 2. Nf3 Nf6 3. Nc3 Nc6 4. Bb5 Nd4 5. Nxd4 exd4 6. e5 dxc3 7. exf6 Qxf6 8. dxc3 Qe5+ 9. Qe2 Qxe2+ 10. Kxe2 c6 11. Bd3 d5 12. Re1 {C48: Four Knights: 4 Bb5, replies other than 4...Bb4} Be6 13. Bf4 {LiveBook: 8 Games. The position is equal.} O-O-O (13... Kd7 14. Rad1 Bd6 {½-½ (14) Istratescu,A (2651)-Fressinet,L (2693) Haguenau 2013}) 14. Kf1 Bd6 15. Bxd6 Rxd6 16. Re5 Kd8 17. Rae1 g6 18. f4 Re8 19. Kf2 Bd7 $146 ({Predecessor:} 19... f6) 20. Rxe8+ Bxe8 $11 {[%mdl 4096] Endgame KRB-KRB} 21. g3 Bd7 22. c4 dxc4 23. Bxc4 Bg4 24. Bd3 c5 25. b3 Be6 26. Ke3 Ke7 27. Kd2 b6 28. a4 Rd4 29. Kc3 Kd6 30. Re3 Kd7 {Accuracy: White = 98%, Black = 100%.} 1/2-1/2

[Event "21st Dubai Open 2019"]
[Site "Dubai"]
[Date "2019.04.04"]
[Round "4.3"]
[White "Indjic, Aleksandar"]
[Black "Kuybokarov, Temur"]
[Result "1-0"]
[WhiteElo "2592"]
[BlackElo "2519"]
[Annotator "TA"]
[PlyCount "95"]
[EventDate "2019.04.01"]
[EventType "swiss"]
[EventCountry "UAE"]
[SourceTitle "playchess.com"]
[Source "ChessBase"]
[SourceQuality "1"]

{[%evp 9,95,0,14,2,2,0,-4,-14,-5,-45,-23,-22,-20,-10,-24,-18,-27,-23,-23,-39,-39,-36,-33,-41,-26,-67,-41,-38,-38,-47,-42,-46,-40,-22,-22,-14,-13,-22,-21,-19,-25,-13,-22,-14,-17,-14,-22,-55,-16,-67,-55,-64,-59,-64,-54,-48,-59,-56,-68,-59,-66,-60,-61,-46,86,80,152,152,152,152,134,139,132,132,141,141,235,230,207,214,618,624,625,615,573,539,739,733]} 1. d4 Nf6 2. c4 e6 3. Nc3 Bb4 4. Nf3 O-O 5. Qc2 d5 6. a3 {E32: Nimzo-Indian: Classical (4 Qc2): 4...0-0} Bxc3+ 7. bxc3 c5 8. cxd5 {The position is equal.} (8. e3 b6 9. cxd5 exd5 10. Be2 Ba6 11. O-O Bxe2 12. Qxe2 Nbd7 13. a4 Re8 14. c4 cxd4 15. Nxd4 Ne5 16. cxd5 Qxd5 17. Bb2 Nc4 {½-½ (31) Yu,Y (2764)-Giri,A (2780) Shenzhen 2018}) 8... exd5 9. e3 Qa5 10. dxc5 Qxc5 $146 ({Predecessor:} 10... Bf5 11. Bd3 Bxd3 12. Qxd3 Nbd7 13. O-O Nxc5 14. Qd4 Nb3 {0-1 (14) Cameron,A (2080)-Rosen,E (2379) Adelaide 2017}) 11. a4 {And now Ba3 would win.} Bf5 12. Bd3 Bxd3 13. Qxd3 {Threatens to win with Ba3.} Rc8 14. Bb2 Nbd7 {[%cal Bb8d7,Bd7c5,Bc5e4][%mdl 32]} 15. O-O Qa5 16. Nd4 Rc4 17. Qf5 Nc5 18. Ba3 Nce4 19. Bb4 Qd8 20. Qe5 Qd7 21. a5 Re8 22. Qf5 $1 Qxf5 23. Nxf5 g6 24. Nd4 Nxc3 25. Bxc3 Rxc3 26. Rfb1 Re7 27. Nb5 $1 {[%cal Rb5c3]} Rc2 28. Rc1 Rxc1+ 29. Rxc1 $15 {[%mdl 4096] Endgame KRN-KRN} a6 $1 {[%cal Ra6b5]} 30. Nd4 Ne8 31. Rc8 Kf8 32. g4 $1 Rc7 33. Rb8 Ke7 34. h4 Nf6 35. g5 Nd7 36. Ra8 $1 f6 (36... Nf8 $15) 37. Rh8 $16 Rc1+ (37... Kd6 $142) 38. Kg2 Nf8 39. gxf6+ Kf7 40. Nf3 $1 {[%cal Rf3g5] Black must now prevent Ng5+.} h6 {[#]} 41. h5 $1 gxh5 42. Rxh6 Ng6 {[#]} (42... Ke6 $16 43. Ng5+ (43. Rxh5 Rc5 $16) 43... Kf5) 43. Rh7+ $1 $18 ({Don't take} 43. Rxh5 $6 Kxf6 44. Rxd5 Ke6) 43... Kxf6 44. Rxb7 ({Weaker is} 44. Rxh5 Rc5 $11) 44... Ne5 $2 (44... Rc6 45. Nd4 Rd6) 45. Rb6+ {White is clearly winning.} Kf5 46. Nd4+ Ke4 47. Re6 Rc8 48. Kf1 {Accuracy: White = 80%, Black = 65%.} 1-0

[Event "21st Dubai Open 2019"]
[Site "Dubai"]
[Date "2019.04.04"]
[Round "4.4"]
[White "Vokhidov, Shamsiddin"]
[Black "Abdusattorov, Nodirbek"]
[Result "1/2-1/2"]
[WhiteElo "2494"]
[BlackElo "2578"]
[Annotator "TA"]
[PlyCount "88"]
[EventDate "2019.04.01"]
[EventType "swiss"]
[EventCountry "UAE"]
[SourceTitle "playchess.com"]
[Source "ChessBase"]
[SourceQuality "1"]

{[%evp 9,88,8,13,2,5,19,29,0,25,0,32,26,29,22,27,26,28,47,45,25,26,32,59,0,28,37,26,33,33,24,33,12,12,4,14,16,41,32,41,44,73,66,58,33,64,60,64,29,27,0,0,4,99,87,34,0,0,4,22,0,0,0,0,-52,-50,-52,-47,-50,-44,-52,-52,-49,-50,-66,-45,-49,-9,-34,-37,-50,-45]} 1. e4 c5 2. Nf3 d6 3. d4 cxd4 4. Qxd4 Nc6 5. Qe3 g6 6. Be2 {B53: Sicilian: 2...d6: Lines with Qxd4} Bg7 7. O-O Nf6 8. Rd1 {White has an edge.} O-O 9. h3 Qb6 10. Qxb6 axb6 11. Nc3 Be6 12. a3 Nd7 $146 ({Predecessor:} 12... h6) 13. Nd5 $1 Nc5 14. Bb5 Ra7 15. Nxb6 Nxe4 16. Rb1 ({Better is} 16. a4 $14) 16... f5 (16... Ba2 $5 {[%cal Ra2b1]} 17. Ra1 Be6 $11) 17. Nd5 Bxd5 18. Rxd5 e6 19. Rd1 Ra5 20. Bf1 d5 21. Be3 b5 22. c3 f4 23. Bd2 g5 24. Re1 Ne5 25. Nxe5 Bxe5 26. Rbd1 Bg7 27. Bc1 Rf6 28. b4 Ra7 {[#]} 29. Rxe4 $1 {[%mdl 512]} dxe4 30. Bxb5 e3 (30... Rf5 $11 31. c4 Bc3) 31. fxe3 $16 fxe3 32. a4 e2 33. Bxe2 Rxa4 34. Bxg5 Rf5 35. h4 Bxc3 36. Bg4 (36. Bc4 $1 $11 Re5 37. Rd8+ Kf7 38. Rd7+ Kf8 39. Rd8+ Kf7 40. Rd7+ Kg8 41. Rd8+ Kg7 42. Rd7+ Kg8 43. Rd8+) 36... Re5 $1 $15 37. Bf6 Re4 38. Bxe6+ $1 Rxe6 39. Bxc3 {[%mdl 4096] Endgame KRR-KRB} Ra3 40. Rd8+ Kf7 {[%mdl 1024] Black has compensation.} 41. Rc8 Ra2 {...Rg6 is the strong threat.} 42. Rc7+ Kf8 {Hoping for ...Rg6.} 43. Rc8+ ({Much worse is} 43. Rxh7 Rg6 $17) 43... Ke7 {Threatens to win with ...Rg6.} 44. Rg8 Rc2 {Accuracy: White = 60%, Black = 57%.} 1/2-1/2

[Event "21st Dubai Open 2019"]
[Site "Dubai"]
[Date "2019.04.04"]
[Round "4.5"]
[White "Pichot, Alan"]
[Black "Raghunandan, Kaumandur Srihari"]
[Result "0-1"]
[WhiteElo "2566"]
[BlackElo "2370"]
[Annotator "TA"]
[PlyCount "98"]
[EventDate "2019.04.01"]
[EventType "swiss"]
[EventCountry "UAE"]
[SourceTitle "playchess.com"]
[Source "ChessBase"]
[SourceQuality "1"]

{[%evp 14,98,14,15,12,17,16,14,14,14,14,6,14,0,16,-61,-57,-71,-70,-62,-64,-62,0,-7,-21,-10,-10,-181,-193,-197,-200,-197,-208,-207,-201,-211,-212,-210,-211,-211,-215,-212,-212,-216,-214,-265,-216,-300,-283,-401,-375,-350,-295,-302,-297,-275,-216,-229,-217,-243,-229,-461,-463,-458,-461,-458,-448,-428,-443,-428,-441,-441,-437,-403,-394,-352,-361,-10092,-9470,-6851,-6851,-6087,-6087,-1664,-1664,-888,-692]} 1. d4 Nf6 2. Nf3 g6 3. g3 Bg7 4. Bg2 O-O 5. O-O d6 6. b3 e5 7. dxe5 dxe5 8. Ba3 Qxd1 {A49: 1 d4 Nf6 2 Nf3 g6 3 g3: Anti-King's Indian systems} 9. Rxd1 Re8 10. c4 e4 {The position is equal.} (10... c6 11. Nc3 Na6 12. Rac1 Bh6 13. e3 Bf8 14. Bxf8 Kxf8 15. Rd6 Ke7 16. Rd2 {½-½ (28) Esipenko,A (2584)-Kovalev,V (2687) Wijk aan Zee 2019}) 11. Nd4 $1 Ng4 12. Nc3 {next Ndb5 is good for White.} e3 $1 {And now ...Nc6 would win.} 13. Nd5 Na6 14. Ne7+ (14. fxe3 $11 Nxe3 15. Nxe3 Rxe3 16. Rab1) 14... Kh8 $1 $15 15. f4 $1 Nf2 $1 $36 {[%mdl 2048] Black is more active.} 16. Nxc8 Raxc8 17. Bxb7 Nxd1 (17... Rcd8 $15 18. Bd5 Bxd4 19. Rxd4 c5) 18. Rxd1 $11 ({Much worse is} 18. Bxc8 Rxc8 19. Rxd1 Rd8 $17) 18... Rcd8 $146 19. Bd5 Nb8 {...c6! is the strong threat.} 20. Bc5 $2 {[#]} (20. Nf3 $11 {and White is okay.} f6 21. Rc1) 20... c6 $1 $19 {[%cal Rc6d5][%mdl 512]} 21. Bf3 (21. Nxc6 Nxc6) 21... Rd7 22. Rd3 Na6 23. Bxc6 Nxc5 24. Bxd7 Nxd3 ({Inferior is} 24... Nxd7 25. b4 $11) 25. Bxe8 {Black must now prevent Nc2.} Bxd4 26. Bxf7 Nc1 27. Kf1 Kg7 28. Bd5 Nxa2 29. Be4 Kf6 30. Bc2 Ke7 31. Kg2 (31. c5 {was worth a try.}) 31... Kd6 32. Kf3 Kc5 33. Ke4 Nc1 34. Bd1 a5 35. g4 Bc3 36. Kxe3 {[#]} Kb4 $1 37. Ke4 $2 (37. f5 {only move.}) 37... Nxb3 38. Bxb3 Kxb3 {[%mdl 4096] Endgame KB-KP} 39. c5 a4 {Hoping for ...a3.} 40. c6 {[#] Threatens to win with c7.} Ba5 $1 41. f5 {intending f6.} a3 42. f6 {and the idea f7 leaves White hopeful.} a2 43. f7 {White hopes to continue with c7.} a1=Q {( -> ...Qh1+)} 44. f8=Q Qa4+ 45. Ke5 $2 (45. Kf3) 45... Bc3+ {Black is clearly winning.} 46. Ke6 Qxg4+ {[%mdl 64] Double Attack} 47. Kf7 Qc4+ {[%mdl 64] Double Attack} 48. Ke8 Qxc6+ 49. Kf7 Qc4+ {Accuracy: White = 51%, Black = 87%.} 0-1

[Event "21st Dubai Open 2019"]
[Site "Dubai"]
[Date "2019.04.04"]
[Round "4.6"]
[White "Le, Quang Liem"]
[Black "Vishnu Prasanna. V"]
[Result "1-0"]
[WhiteElo "2711"]
[BlackElo "2515"]
[Annotator "TA"]
[PlyCount "93"]
[EventDate "2019.04.01"]
[EventType "swiss"]
[EventCountry "UAE"]
[SourceTitle "playchess.com"]
[Source "ChessBase"]
[SourceQuality "1"]

{[%evp 28,93,0,0,0,0,0,0,0,-8,9,0,8,3,10,8,31,34,33,35,28,18,17,18,10,15,25,21,27,29,56,54,54,59,64,60,71,67,67,62,80,86,102,101,115,110,98,97,108,115,108,108,110,108,152,175,340,330,339,346,311,347,300,275,791,778,523,411]} 1. e4 e5 2. Nf3 Nc6 3. Bb5 a6 4. Ba4 Nf6 5. O-O Be7 6. Re1 b5 7. Bb3 d6 8. c3 O-O 9. h3 Bb7 10. d4 Re8 11. Nbd2 Bf8 12. d5 Nb8 {[%cal Bc6b8,Bb8d7,Bd7c5][%mdl 32]} 13. Nf1 Nbd7 14. N3h2 Nc5 15. Bc2 c6 {[%cal Rc6d5] C92: Closed Ruy Lopez: 9...Be6, Karpov and Flohr-Zaitsev Variations} 16. b4 {Hoping for dxc6.} Ncd7 {[%cal Rc6d5]} 17. dxc6 $1 Bxc6 {The position is equal.} 18. Bg5 h6 19. Bxf6 Nxf6 20. Ng4 Nxg4 (20... Nh7 21. Qd3 Rc8 22. Bb3 Re7 23. c4 {½-½ (54) Navara,D (2749)-Oparin,G (2607) Caleta 2018}) 21. Qxg4 Qc7 $146 ({Predecessor:} 21... Bd7 22. Qf3 Be6 23. Bb3 {½-½ (50) Nekhaev,A (2528)-Isaev,A (2496) ICCF email 2009}) 22. Bb3 Bd7 23. Qf3 Be6 24. Rac1 {[%cal Ba1c1,Bc1c2,Bc2a2,Ba2a3][%mdl 32]} Be7 25. Rc2 Bg5 26. Rd1 a5 27. Qd3 Bxb3 28. axb3 a4 29. bxa4 bxa4 30. Ra2 Rec8 31. Ra3 Qc4 32. Qf3 Qe6 33. Rda1 Ra7 34. Kh2 g6 35. Ne3 Bf4+ 36. Kg1 {aiming for Nd5.} Bxe3 37. Qxe3 {[%mdl 64] Double Attack} Rac7 38. Qxh6 Rc4 39. Rxa4 Rxc3 40. Ra8 R3c4 41. b5 {[%cal Bb4b5,Bb5b6][%mdl 32]} Rxe4 $2 (41... Qe8 {was called for.} 42. R8a6 Qxb5) 42. b6 $18 {Intending b7 and mate.} Rb4 {[#]} 43. R1a4 $1 Rxa4 44. Rxa4 e4 {[#]} 45. Qe3 $1 Rb8 $2 (45... Qd5 46. Rxe4 (46. Qxe4 Qxe4 47. Rxe4 Rc1+ 48. Kh2 Rb1 $16) 46... Qc6) 46. Rxe4 Qc8 47. Qd4 {Accuracy: White = 88%, Black = 47%.} 1-0

[Event "21st Dubai Open 2019"]
[Site "Dubai"]
[Date "2019.04.04"]
[Round "4.7"]
[White "Mareco, Sandro"]
[Black "Harsha Bharathakoti"]
[Result "1-0"]
[WhiteElo "2651"]
[BlackElo "2497"]
[Annotator "TA"]
[PlyCount "101"]
[EventDate "2019.04.01"]
[EventType "swiss"]
[EventCountry "UAE"]
[SourceTitle "playchess.com"]
[Source "ChessBase"]
[SourceQuality "1"]

{[%evp 12,101,27,34,30,33,46,37,38,41,37,40,39,43,52,37,54,25,47,54,48,34,47,30,42,50,60,61,69,79,110,117,101,0,0,0,0,0,0,0,0,-18,19,47,81,53,62,51,60,54,70,48,106,106,178,177,295,170,178,160,287,287,375,372,348,311,407,244,847,850,840,844,841,832,812,700,798,768,809,804,746,736,722,719,847,843,802,798,767,710,569,552]} 1. e4 c5 2. Nf3 d6 3. Bb5+ Nc6 4. O-O Bd7 5. Re1 Nf6 6. h3 a6 7. Bf1 g5 {B51: Sicilian: Moscow Variation (3 Bb5+) without 3...Bd7} (7... g6 8. c3 Bg7 9. d4 O-O 10. e5 dxe5 11. dxe5 Ne8 12. Bf4 Nc7 13. Nbd2 Nd5 14. Bg3 Bf5 15. a4 Rc8 16. Nc4 b5 17. axb5 axb5 {½-½ (66) Vidit,S (2718)-Andriasian,Z (2591) chess.com INT 2018}) 8. d4 g4 9. d5 gxf3 {White is slightly better.} 10. dxc6 Bxc6 11. Qxf3 Nd7 12. Nc3 e6 13. Qg3 h5 14. Bg5 $146 ({Predecessor:} 14. Bf4 h4 15. Qe3 {1-0 (37) Pikula,D (2499)-Vuckovic,B (2509) Vrnjacka Banja 2005}) 14... h4 15. Qe3 Be7 16. Bf4 Bf6 17. Qd2 Be5 18. Rad1 Rg8 19. Bxe5 dxe5 20. Nd5 Rc8 21. Ne3 Qg5 22. Qc3 (22. Qd6 $16) 22... Bxe4 $11 23. Ng4 Bc6 24. f3 ({Of course not} 24. Nxe5 Bxg2 25. Ng4 Bc6 $17) 24... Rd8 25. Nxe5 Nxe5 26. Rxd8+ (26. Rxe5 {looks sharper.} Rxd1 27. Rxg5 Rxg5 28. Qh8+ Kd7 29. Kf2) 26... Kxd8 27. Rxe5 Qf4 28. Rxc5 (28. Qxc5 {keeps more tension.} Kd7 29. Re2 Ke8 30. Qf2 Rg3 31. Re3) 28... Qxf3 29. Qxf3 Bxf3 $16 {[%mdl 4096] Endgame KRB-KRB} 30. Rc4 Bd5 31. Rxh4 Bxa2 {[#]} (31... Ke7 $14) 32. b3 $1 Bb1 (32... b5 $16) 33. Bd3 $18 Kd7 (33... Ke7 $142) 34. Rd4+ (34. Rf4 $142) 34... Ke7 35. Ra4 Rd8 (35... Rc8 $16 {was called for.}) 36. Ra1 {[%mdl 64] Trapped Piece} Rxd3 37. cxd3 Bxd3 {KR-KB} 38. Kf2 f5 39. g3 (39. Ke3 $142 Bc2 40. b4) 39... e5 $2 (39... b6 40. Ke3 Bb5) 40. Ke3 {White is clearly winning.} Bb5 41. Rc1 Bc6 42. h4 Kf6 43. Rc5 Bg2 44. Rc8 Bd5 45. b4 Bc6 46. Kf2 Kg6 47. Rd8 Kf6 48. Rf8+ Kg6 {[#]} 49. h5+ $1 {[%mdl 512]} Kg5 {[#]} (49... Kxh5 50. Rxf5+) 50. h6 $1 {[%mdl 576] Deflection} Kxh6 51. Rxf5 {Accuracy: White = 74%, Black = 38%.} 1-0

[Event "21st Dubai Open 2019"]
[Site "Dubai"]
[Date "2019.04.04"]
[Round "4.8"]
[White "Iturrizaga Bonelli, Eduardo"]
[Black "Sadhwani, Raunak"]
[Result "1/2-1/2"]
[WhiteElo "2633"]
[BlackElo "2475"]
[Annotator "TA"]
[PlyCount "60"]
[EventDate "2019.04.01"]
[EventType "swiss"]
[EventCountry "UAE"]
[SourceTitle "playchess.com"]
[Source "ChessBase"]
[SourceQuality "1"]

{[%evp 9,60,19,31,30,51,18,25,24,24,9,15,22,8,36,37,24,45,56,47,41,47,36,39,40,40,41,39,40,68,85,84,68,89,95,83,85,89,97,96,99,98,92,98,71,113,100,93,92,91,82,83,60,37]} 1. c4 Nf6 2. Nc3 g6 3. g3 Bg7 4. Bg2 O-O 5. d4 c5 6. dxc5 {E61: King's Indian: Early deviations for White, including Smyslov System} Na6 7. Nf3 Nxc5 8. Nd4 {White has an edge.} d6 9. O-O Bd7 10. b3 Rc8 11. Bb2 Qb6 $146 ({Predecessor:} 11... a6 12. Qd2 Qc7 13. Rac1 {0-1 (46) Vidit,S (2711)-Vachier Lagrave,M (2780) chess.com INT 2018}) 12. e4 Na4 13. Nxa4 Bxa4 14. Qe2 Bd7 15. e5 dxe5 16. Qxe5 Rfe8 17. Rac1 Ng4 {[%mdl 64] [#] Pin} 18. Qe4 $36 {[%mdl 2048] White has good play.} e5 19. Nb5 Rb8 20. a4 {[%cal Ba2a4,Ba4b5][%mdl 32]} f5 21. c5 Qe6 22. Qc2 {And now Nc7 would win.} Bxb5 23. axb5 e4 {[#]} 24. Bxg7 $1 Kxg7 25. f3 Nf6 26. fxe4 fxe4 27. Qc3 {aiming for Bh3!} Qe5 28. Qxe5 Rxe5 29. Rc4 Rc8 30. b4 b6 {Accuracy: White = 74%, Black = 63%.} 1/2-1/2